[Event "Bundesliga B Mitte 2006/07"]
[Site "Austria"]
[Date "2006.11.25"]
[Round "3"]
[White "Steiner Josef (AUT)"]
[Black "Gueting Jens (GER)"]
[Result "0-1"]
[WhiteElo "2120"]
[BlackElo "2232"]

1.d4 Nf6 2.Nf3 a6 3.Bg5 Ne4 4.Bf4 d5 5.Nbd2 Bf5 6.c4 e6 7.h3 Be7 8.e3 c6 9.c5
Nd7 10.Nxe4 Bxe4 11.Nd2 Bg6 12.Qb3 Ra7 13.Be2 f6 14.Bg4 h5 15.Bd1 e5 16.Bh2 b6
17.cxb6 Rb7 18.Bc2 Bxc2 19.Qxc2 Rxb6 20.O-O O-O 21.Qf5 Qe8 22.Nf3 g6 23.Qe6+
Rf7 24.Nxe5 fxe5 25.Qxg6+ Kf8 26.dxe5 Rg7 27.Qf5+ Kg8 28.Qe6+ Kh8 29.b3 Rg6
30.Qf5 Rg5 31.Qe6 Nf8 32.Qh6+ Kg8 33.Kh1 Bd8 34.Qd6 Be7 35.Qh6 Bd8 36.Qd6 Be7
37.Qh6 Qd8 38.Bf4 c5 39.Bxg5 Rxh6 40.Bxh6 Ng6 41.Bf4 Qf8 42.Bh2 Qf5 43.Rad1
Qe4 44.f3 Qxe3 45.Rxd5 Qe2 46.Rfd1 Qxa2 47.R5d3 Bg5 48.g3 Nxe5 49.Rd5 Nxf3
50.Bg1 Qe2 51.h4 Bf6 52.Rd7 Bd4 {#R} 0-1

[Event "Ch Mittelfranken (team) (B1) 2006/07"]
[Site "Germany"]
[Date "2007.03.11"]
[Round "7"]
[White "Mueller Marcus (GER)"]
[Black "Gueting Jens (GER)"]
[Result "1/2-1/2"]
[WhiteElo "2124"]
[BlackElo "2237"]

1.d4 Nf6 2.Nf3 a6 3.g3 g6 4.Bg2 Bg7 5.O-O O-O 6.h3 d5 7.Nbd2 Ne4 8.c3 c5
9.dxc5 Nxc5 10.Nb3 Na4 11.Kh2 b5 12.Nfd2 f5 13.f3 Bb7 14.e4 Nd7 15.Nd4 Qb6
16.exf5 gxf5 17.f4 Ndc5 18.Qh5 Qg6 19.Qe2 Rae8 20.N2f3 Ne4 21.Qe1 Qd6 22.Rb1
Kh8 23.Be3 Bc8 24.Ne2 Rg8 25.Ne5 Ref8 26.Qd1 Bf6 27.Qd4 Nac5 28.Rbd1 Bb7
29.Qb4 Rg7 30.Rg1 Rfg8 31.Bf3 e6 32.c4 bxc4 33.Nxc4 Qc7 34.Ne5 Rb8 35.Rc1 Be7
36.Qd4 a5 37.Bxe4 dxe4 38.Rxc5 Bxc5 39.Qxc5 Qxc5 40.Bxc5 Ba6 41.Nd4 Rxb2+
42.Rg2 Rgb7 43.Nxe6 Rxg2+ 44.Kxg2 Rb2+ 45.Kg1 Kg8 46.a3 {#d} 1/2-1/2

[Event "Ch Colombia (1/2 final)"]
[Site "Buga (Colombia)"]
[Date "2009.05.30"]
[Round "1"]
[White "Ramos Pastrana Jorge Eduardo (COL)"]
[Black "Sanchez Victor (COL)"]
[Result "0-1"]
[WhiteElo "2064"]
[BlackElo "2280"]

1.d4 Nf6 2.Nf3 a6 3.c4 c5 4.e3 g6 5.Nc3 Bg7 6.Be2 O-O 7.O-O cxd4 8.exd4 d5
9.cxd5 Nxd5 10.Qb3 Nxc3 11.bxc3 Nc6 12.Be3 Qc7 13.Rab1 b5 14.a4 Na5 15.Qb4 Bf5
16.Rbc1 Nc4 17.Bxc4 bxc4 18.Nd2 Rfc8 19.f3 Rab8 20.Qa3 e5 21.Rfe1 Bf8 22.Qa2
Bd6 23.Ne4 Bxe4 24.fxe4 exd4 25.Bxd4 Bxh2+ 26.Kh1 Bg3 27.Rf1 Qe7 28.Rf3 Qh4+
29.Kg1 Rb3 30.Qd2 Rd8 31.Rxg3 Qxg3 32.Qh6 Rxd4 33.cxd4 Rb2 34.Qh3 Qf2+ 35.Kh1
Qf4 36.Re1 c3 37.Qc8+ Kg7 38.Qxc3 Qh4+ 39.Kg1 Qf2+ {#R} 0-1

[Event "It (open)"]
[Site "Ptuj (Slovenia)"]
[Date "2009.08.07"]
[Round "7"]
[White "Havas Ladislav (CRO)"]
[Black "Zerjavic Damir (SLO)"]
[Result "0-1"]
[WhiteElo "2288"]
[BlackElo "1947"]

1.d4 Nf6 2.Nf3 a6 3.g3 b5 4.Bg2 Bb7 5.O-O d6 6.a4 g6 7.c3 Bg7 8.axb5 axb5
9.Rxa8 Bxa8 10.Qb3 c6 11.Nbd2 O-O 12.Qa3 Nbd7 13.e4 Qc7 14.Re1 e5 15.Qb3 exd4
16.cxd4 h6 17.h3 Kh7 18.Qd3 Re8 19.g4 Kg8 20.b3 Bb7 21.Bb2 Nh7 22.Bc3 Qb6
23.b4 Ba6 24.e5 dxe5 25.dxe5 Nhf8 26.Bd4 Qc7 27.Nb3 Ne6 28.Be3 Nxe5 29.Nxe5
Bxe5 30.Bxh6 Bh2+ 31.Kf1 Rd8 32.Qc3 c5 33.Nxc5 Qxc5 34.Qxc5 Nxc5 35.Bg5 Rc8
36.Bd5 Bb7 37.Bxf7+ Kxf7 38.bxc5 Re8 39.Be3 Rb8 40.Rb1 Bc6 41.Rb3 Bd5 42.Ra3
Bc4+ 43.Ke1 Be5 44.c6 b4 45.Ra7+ Ke6 46.c7 Rc8 47.f4 Bxc7 48.f5+ gxf5 49.gxf5+
Kxf5 50.Rb7 b3 51.Bd4 Be5 52.Bxe5 Kxe5 53.Kd2 {#R} 0-1

[Event "It (open)"]
[Site "Graz (Austria)"]
[Date "2009.09.02"]
[Round "5"]
[White "Matosec Thomas (AUT)"]
[Black "Zerjavic Damir (SLO)"]
[Result "1-0"]
[WhiteElo "2061"]
[BlackElo "1947"]

1.d4 Nf6 2.Nf3 a6 3.c4 g6 4.g3 b6 5.Bg2 Bb7 6.O-O d6 7.Nc3 Bg7 8.Qc2 O-O 9.e4
Nbd7 10.d5 c6 11.dxc6 Bxc6 12.Rd1 Qc7 13.Nd4 Bb7 14.b3 Rac8 15.Bb2 Nc5 16.Rac1
Bh6 17.f4 Ng4 18.Qe2 Nf6 19.Nd5 Nxd5 20.cxd5 Qd7 21.Bf3 Qd8 22.Rc2 b5 23.Nc6
Bxc6 24.dxc6 Qb6 25.Bd4 e5 26.fxe5 dxe5 27.Bxc5 Qxc6 28.Bxf8 Be3+ 29.Qxe3 Qxc2
30.Bh6 {#r} 1-0

[Event "Tournament (open) \"]
[Site "Athens (Greece)"]
[Date "2010.03.16"]
[Round "1"]
[White "Drakopoulos Anastasios (GRE)"]
[Black "Melidis Andron"]
[Result "1-0"]
[WhiteElo "2221"]
[BlackElo "1951"]

1.d4 Nf6 2.Nf3 a6 3.Bg5 g6 4.Nbd2 d5 5.e3 Bg7 6.Bd3 O-O 7.c3 Nbd7 8.O-O c5
9.h3 b6 10.b4 Bb7 11.Qb1 Ra7 12.a4 Qa8 13.a5 cxd4 14.cxd4 bxa5 15.Rxa5 Bc6
16.Qa2 Rb8 17.Rb1 Rb6 18.b5 Bb7 19.bxa6 Rxb1+ 20.Nxb1 Qd8 21.Ra3 Bc6 22.Nc3
Bf8 23.Nb5 Ra8 24.Ra5 Ne4 25.Bxe4 dxe4 26.Ne5 Nxe5 27.dxe5 h6 28.Nd4 Qb6
29.Bh4 Ra7 30.e6 Be8 31.exf7+ Bxf7 32.Qa4 Be8 33.Qxe8 Qxa5 34.Qxg6+ Bg7 35.Nc6
Qa1+ 36.Kh2 Rxa6 37.Nxe7+ Kf8 38.Qf5+ Ke8 39.Qc8+ Kf7 40.Qg8# 1-0

[Event "Ch Germany (juniors) (Internet) (under 25) (qual1)"]
[Site "Internet"]
[Date "2011.05.01"]
[Round "4"]
[White "Kessler Marcel (GER)"]
[Black "Hentze Markus (GER)"]
[Result "1-0"]
[WhiteElo "2000"]
[BlackElo "2095"]

1.d4 Nf6 2.Nf3 a6 3.e3 e6 4.Bd3 c5 5.Nbd2 cxd4 6.exd4 Be7 7.O-O O-O 8.Qe2 Nc6
9.c3 b5 10.Ne5 Bb7 11.f4 d6 12.Ng4 Nxg4 13.Qxg4 Bf6 14.Rf3 b4 15.Bxh7+ Kxh7
16.Qh5+ Kg8 17.Rh3 Bh4 18.Rxh4 Qxh4 19.Qxh4 bxc3 20.bxc3 f5 21.Nf3 Na5 22.Ng5
Rf6 23.Qh7+ {#r} 1-0

[Event "It (open) (amateurs)"]
[Site "Lugano (Switzerland)"]
[Date "2011.05.13"]
[Round "1"]
[White "Ludin Hubert (SUI)"]
[Black "Salvetti Alec (ITA)"]
[Result "0-1"]
[WhiteElo "1934"]
[BlackElo "2250"]

1.d4 Nf6 2.Nf3 a6 3.Nbd2 d5 4.e3 e6 5.Bd3 c5 6.c3 Nc6 7.O-O Qc7 8.dxc5 Bxc5
9.e4 O-O 10.exd5 exd5 11.h3 Re8 12.Nb3 Ba7 13.Bc2 Bxh3 14.gxh3 Qg3+ 15.Kh1
Qxh3+ 16.Nh2 Bb8 17.f4 Nh5 18.Rf3 Ng3+ 19.Kg1 Ba7+ 20.Nd4 Re2 21.Qxe2 Nxe2+
22.Kh1 Ng3+ 23.Kg1 Nxd4 {#R} 0-1

[Event "Cup Lippe (open)"]
[Site "Lieme (Germany)"]
[Date "2011.10.30"]
[Round "5"]
[White "Kemper Meinolf (GER)"]
[Black "Gazic Josip (GER)"]
[Result "1-0"]
[WhiteElo "2114"]
[BlackElo "2276"]

1.d4 Nf6 2.Nf3 a6 3.c4 b5 4.Nbd2 d5 5.cxb5 axb5 6.e3 c6 7.Qc2 e6 8.Ne5 Bb7
9.a3 Nfd7 10.Nd3 Na6 11.Nb3 Bd6 12.Bd2 O-O 13.Be2 Qb8 14.h3 Rc8 15.O-O c5
16.Ndxc5 Ndxc5 17.Nxc5 Nxc5 18.dxc5 Bxc5 19.Qd3 Ba6 20.Qb3 Qb6 21.Bb4 Qd6
22.Rfc1 g6 23.Rc3 d4 24.Bxc5 Rxc5 25.Rxc5 Qxc5 26.exd4 Qxd4 27.Rd1 Qe5 28.Rd2
Rc8 29.Rc2 Rd8 30.Qc3 Rd4 31.Rd2 Re4 32.Qxe5 Rxe5 33.Kf1 Bb7 34.f3 Rc5 35.Kf2
Bd5 36.Bd3 Bb3 37.f4 g5 38.g3 gxf4 39.gxf4 Kg7 40.Ke3 Rh5 41.Bf1 Kf6 42.Rd7
Bc4 43.Bxc4 bxc4 44.Kd4 Rb5 45.Kxc4 Rxb2 46.a4 Rh2 47.Rd3 Rf2 48.a5 Rxf4+
49.Kb5 Rf1 50.Ra3 Rb1+ 51.Kc6 e5 52.a6 Rc1+ 53.Kd7 Rd1+ 54.Ke8 Rg1 55.a7 Rg8+
56.Kd7 Ra8 57.Kc7 Kg5 58.Kb7 Rxa7+ 59.Rxa7 Kh4 60.Kc6 Kxh3 61.Kd5 h5 62.Kxe5
Kg3 63.Rxf7 h4 64.Ke4 h3 65.Ke3 Kg2 66.Rf2+ Kg1 67.Kf3 h2 68.Rg2+ {#r} 1-0

[Event "Verbandsliga East 2011/12"]
[Site "Germany"]
[Date "2012.02.05"]
[Round "6"]
[White "Wagner Rainer"]
[Black "Hemmann Arnold (GER)"]
[Result "0-1"]
[WhiteElo "2050"]
[BlackElo "2063"]

1.d4 Nf6 2.Nf3 a6 3.g3 b5 4.Bg2 Bb7 5.O-O e6 6.Nbd2 Be7 7.c4 bxc4 8.Nxc4 O-O
9.Na5 Bd5 10.Qa4 Nc6 11.Nxc6 Bxc6 12.Qd1 Qb8 13.Ne5 Bxg2 14.Kxg2 Qb7+ 15.Kg1
c5 16.dxc5 Bxc5 17.Nd3 Ba7 18.Bf4 Rfc8 19.Qa4 Ne4 20.Rac1 f5 21.Qb3 Qxb3
22.axb3 d6 23.Rxc8+ Rxc8 24.Rc1 Rxc1+ 25.Bxc1 Kf7 26.Kf1 Ke8 27.f3 Nc5 28.Be3
Nxd3 29.Bxa7 Nb4 30.Ke1 Kd7 31.Kd2 Kc6 32.Bf2 Kb5 33.Be1 e5 34.Kc3 d5 35.e3
d4+ 36.exd4 exd4+ 37.Kd2 Kc5 38.Bf2 Kd5 39.Bg1 g6 40.Bf2 Nc6 41.Be1 g5 42.h3
h5 43.Ke2 g4 44.hxg4 hxg4 45.Bd2 Ne5 46.fxg4 fxg4 47.Bf4 Ke4 48.Kd2 Nf3+
49.Ke2 d3+ 50.Kd1 Nd4 51.b4 Ne2 52.Bc7 Nd4 53.Kd2 Nc2 54.Bd6 Ne3 55.b3 Nf5
56.Bc7 Nd4 57.Bb6 Nxb3+ 58.Kd1 Kd5 59.Bd8 Kc4 60.Be7 Nd4 61.Bd6 Nf5 62.Bf8
Nxg3 63.Kd2 Ne4+ 64.Ke3 g3 {#R} 0-1

[Event "Extraliga 2011/12"]
[Site "Czech Republic"]
[Date "2012.03.03"]
[Round "7"]
[White "Klima Lukas (CZE)"]
[Black "Chytilek Roman (CZE)"]
[Result "1/2-1/2"]
[WhiteElo "2371"]
[BlackElo "2391"]

1.d4 Nf6 2.Nf3 a6 3.c4 b5 4.Nc3 b4 5.Nd5 Nxd5 6.cxd5 a5 7.e4 Ba6 8.Bxa6 Rxa6
9.O-O e6 10.dxe6 dxe6 11.Ne5 Bd6 12.Qa4+ c6 13.Be3 O-O 14.Rfd1 Qc7 15.Nf3 Bf4
16.Rac1 Bxe3 17.fxe3 Nd7 18.e5 Qb7 19.Ng5 c5 20.Qc2 g6 21.Qe4 Qxe4 22.Nxe4
cxd4 23.exd4 Ra7 24.Rc6 Rb8 25.g4 h6 26.Rdc1 Kg7 27.Rc7 Rbb7 28.Rc8 Rb8
29.Rxb8 Nxb8 30.Rc8 Nd7 31.Re8 Rc7 32.Nd6 Rc1+ 33.Kg2 Rc2+ 34.Kg3 Nb6 35.Re7
Rxb2 36.Rxf7+ Kg8 37.Rf6 Rxa2 38.Rxg6+ Kh7 39.Rxe6 Nd5 40.Nc4 b3 41.Rd6 Rc2
42.Rxd5 Rxc4 43.Rxa5 Rb4 44.Ra1 Rxd4 45.Ra7+ Kg6 46.Rb7 Re4 47.h4 Rxe5 48.Rxb3
Ra5 49.h5+ Kg5 50.Rf3 {#d} 1/2-1/2

[Event "It (open)"]
[Site "Vlissingen (Netherlands)"]
[Date "2012.08.07"]
[Round "5"]
[White "Van Gool Henk (NED)"]
[Black "Bosboom Manuel (NED)"]
[Result "0-1"]
[WhiteElo "2127"]
[BlackElo "2375"]

1.d4 Nf6 2.Nf3 a6 3.Nbd2 d5 4.c4 c6 5.Qc2 g6 6.e4 Bg7 7.e5 Ng4 8.h3 Nh6 9.g4
f6 10.Nb3 Nf7 11.Bf4 O-O 12.exf6 exf6 13.O-O-O a5 14.a3 Nd6 15.Nbd2 b6 16.c5
Nb7 17.Kb1 Rf7 18.Rc1 bxc5 19.dxc5 Bf8 20.Be3 a4 21.h4 Ra5 22.h5 g5 23.Bd3
Bxc5 24.Bxc5 Nxc5 25.Bf5 Ne6 26.Rhe1 Re7 27.Qc3 Re8 28.h6 c5 29.Rcd1 Nc6
30.Bxe6+ Rxe6 31.Rxe6 Bxe6 32.Nxg5 Bxg4 33.Rg1 Bf5+ 34.Ka1 Kf8 35.Ngf3 Qd6
36.Nh4 Bc8 37.Qd3 Ra7 38.Ne4 Qh2 39.Rg8+ Kxg8 40.Qxd5+ Rf7 41.Nxf6+ Kf8
42.Qxc6 Ke7 43.Nd5+ Kd8 44.Qb6+ Kd7 45.Nf6+ Rxf6 46.Qxf6 Qh1+ 47.Ka2 Qd5+
48.Ka1 Kc7 49.Qf4+ Kb6 50.Qxa4 Qh1+ 51.Ka2 Be6+ 52.b3 Qc1 53.Qe4 Qd2+ 54.Ka1
Bxb3 55.Qb1 c4 56.Nf5 Qc3+ 57.Qb2 Qe1+ 58.Qb1 Qe5+ 59.Qb2 Qxf5 60.Qd4+ Kb5
61.Qe3 Qf6+ 62.Kb1 Qg6+ 63.Ka1 Qf6+ 64.Kb1 c3 65.Qe8+ Kc5 66.Qe3+ Qd4 67.Qe7+
Kb6 {#R} 0-1

[Event "It (open)"]
[Site "Vienna (Austria)"]
[Date "2012.08.15"]
[Round "3"]
[White "Karall Lorenz (AUT)"]
[Black "Algars Olle (SWE)"]
[Result "1/2-1/2"]
[WhiteElo "1972"]
[BlackElo "2094"]

1.d4 Nf6 2.Nf3 a6 3.c4 c5 4.e3 g6 5.Bd3 Bg7 6.O-O O-O 7.Nc3 d5 8.h3 dxc4
9.Bxc4 b5 10.Bd3 cxd4 11.exd4 Bb7 12.Re1 Nc6 13.Be3 Nb4 14.Be2 Nbd5 15.Rc1
Nxe3 16.fxe3 Bh6 17.Bf1 Nd5 18.Nxd5 Bxd5 19.b3 Qa5 20.Qd2 Qb6 21.Ne5 Rfc8
22.Be2 Rxc1 23.Rxc1 Rd8 24.Bf3 f6 25.Nc6 Bxc6 26.Rxc6 Qa7 27.Qc3 Kf7 28.Kf2
Rd7 29.Ke2 f5 30.Qc5 Qxc5 31.dxc5 e5 32.g4 e4 33.Bg2 Bf8 34.gxf5 gxf5 35.b4
Ra7 36.h4 a5 37.a3 axb4 38.axb4 Ra2+ 39.Kf1 Rb2 40.Bh3 Rxb4 41.Bxf5 h6 42.Kf2
Rb2+ 43.Kg3 Rc2 44.Bg6+ Kg7 45.Bxe4 Rxc5 46.Rb6 Rc3 47.Kf4 b4 48.h5 Bc5
49.Rg6+ Kf8 50.Kf5 Bxe3 51.Ke6 Bg5 52.Bd5 Re3+ 53.Kd6 Bf4+ 54.Kc5 Ke7 55.Kxb4
Rh3 56.Re6+ Kd7 57.Re4 Bd2+ 58.Kc4 Rxh5 59.Bf7 Rh2 60.Kd3 Bg5 {#d} 1/2-1/2